000 00631nam a2200181Ia 4500
003 GCL
008 140319s9999 xx 000 0 ara d
040 _aGCL /
_cGCL
082 0 4 _a811.082
_bع ح
100 1 _aعزت ابراهيم
245 1 0 _aحاجات مفقودة كتير /
_cعزت ابراهيم
260 _aالقاهرة :
_bالهيئة العامة لقصور الثقافة
300 _a118 ص ؛
_c12 سم
650 0 4 _aالشعر
650 0 4 _aالشعر العربى - العصر الحديث
650 0 4 _aالشعر العربى - مصر - تاريخ ونقد - العصر الحديث
942 _2ddc
_cBK
999 _c8994
_d8994